| Tag |
First Indicator |
Second Indicator |
Subfields |
| LEADER |
00000cam a2200000 4500 |
| 001 |
in00000064105 |
| 005 |
20151008051200.0 |
| 008 |
750915s1954 cau 00000 eng |
| 010 |
|
|
|a 54012598
|
| 035 |
|
|
|a (OCoLC)01626616
|
| 035 |
|
|
|9 AAG6271AM
|
| 040 |
|
|
|a DLC
|c TOL
|d TOL
|d TXA
|d UtOrBLW
|
| 049 |
|
|
|a TXAM
|c [244812]
|
| 050 |
0 |
0 |
|a E816
|b .D4
|
| 092 |
|
|
|a 329.01
|b D321w
|
| 100 |
1 |
|
|a De Grazia, Alfred.
|
| 245 |
1 |
4 |
|a The western public, 1952 and beyond.
|
| 264 |
|
1 |
|a Stanford, Calif. :
|b Stanford University Press,
|c [1954]
|
| 264 |
|
4 |
|c [©1954]
|
| 300 |
|
|
|a ix, 226 pages :
|b maps, diagrams, tables. ;
|c 23 cm.
|
| 336 |
|
|
|a text
|b txt
|2 rdacontent
|
| 337 |
|
|
|a unmediated
|b n
|2 rdamedia
|
| 338 |
|
|
|a volume
|b nc
|2 rdacarrier
|
| 650 |
|
0 |
|a Presidents
|z United States
|x Election
|y 1952.
|
| 650 |
|
0 |
|a Elections
|z West (U.S.)
|
| 651 |
|
0 |
|a West (U.S.)
|x Politics and government.
|
| 999 |
|
|
|a MARS
|
| 999 |
f |
f |
|s 0fc1d41a-4ae8-3baf-a9ee-49e15e03555a
|i 281ac22b-8521-326e-acd8-fd4d3ec7e544
|t 0
|
| 952 |
f |
f |
|p ric
|a Texas A&M University
|b Rellis Campus
|c Joint Library Facility
|d Remote Storage
|t 0
|e E816 .D4
|h Library of Congress classification
|i unmediated -- volume
|m A14800683554
|
| 998 |
f |
f |
|a E816 .D4
|t 0
|l Remote Storage
|